000 00451nam a2200181Ia 4500
001 20010
005 20260306172734.0
008 260306t2007||||xx |||||||||||||| ||spa||
041 _aESP
082 _a342.146
_bD75
100 _aDiez de Velasco, Manuel
_eAUT
245 0 _aInstituciones de derecho internacional público
260 _c2007
300 _a1166 páginas :
_c24 cm.
650 _aGEN
654 _aCDE
942 _cLIB
_dJUS
_fJUS
_2ddc
_n
999 _c20010
_d20010